00876nam a2200181 a 450000100100000000500170001000800410002704000250006808200190009310000400011224500980015226000350025030000200028595201320030595201170043795201230055499900170067700004474720201002045609.0150108s2011 dr 000 0 spa d aDO-SdBNPbspacBNPHU axxxxxxbxxxxxx1 aCastillo Semán, Pelegrín97159413aLa revolución del proyecto nacional :bruta de la esperanza /cPelegrín Castillo Semán. aSanto Domingo :bs. n.,c2011. a24 p. ;c23 cm. 001054708DSaGRbGRcHDd2015-01-08iLF1l0oxxxxxx xxxxxxp44747-30r2020-06-25te. 3w2020-06-25yLFDSZPréstamo en sala 0010718PDaPDbPDcHDd2015-01-08iLF1l0oxxxxxx xxxxxxp44747-10r2020-06-25w2020-06-25yLFPDZNo se presta 0010718PDaPDbPDcHDd2015-01-08iLF1l0oxxxxxx xxxxxxp44747-20r2020-06-25te. 2w2020-06-25yLFPDZNo se presta c44236d44236